000 00930nam a22002297a 4500
005 20250421091426.0
008 250421b |||||||| |||| 00| 0 eng d
020 _a978-93-5229-735-1 (hbk)
037 _cTB
040 _aCRL
_cCRL
041 _2hin
_ahin
084 _aX:513 152Q7
_qCRL
100 _aमोहन, सुमित
_9752497
245 _aहिन्दी विज्ञापन:
_bसंरचना और प्रभाव
260 _aनई दिल्ली, भारत:
_bवाणी प्रकाशन,
_c2017.
300 _a192पृ0
365 _b450.00
_cINR
650 _2विज्ञापन
650 _2अर्थशास्त्र
942 _2CC
_cTB
_hX:513 152Q7
_n0
999 _c1309226
_d1309226